| 000 | 01755cam a22004814i 4500 | ||
|---|---|---|---|
| 003 | PE-LiUPU | ||
| 005 | 20250731173309.0 | ||
| 008 | 150616s r 000 0 d | ||
| 020 | _a8470572482 | ||
| 035 | _a(Sirsi) i9788470572487 | ||
| 040 |
_aPE-LiUPU _bspa _cPE-LiUPU _erda |
||
| 049 | _aPRUA | ||
| 082 | 0 | 4 |
_a280.2 _bM19 _221 |
| 100 | 1 |
_aMaldonado, Luis, _eautor. |
|
| 245 | 1 | 0 | _aGénesis del catolicismo popular: el inconsistente colectivo de un proceso histórico. |
| 264 | 1 |
_aMadrid : _bEdiciones Cristiandad, _c1979. |
|
| 300 |
_a223 páginas ; _c19 centímetros |
||
| 336 |
_atext _2rdacontent |
||
| 337 |
_aunmediated _2rdamedia |
||
| 338 |
_avolume _2rdacarrier |
||
| 490 | 0 |
_aEl Libro de Bolsillo Cristiandad ; _v46 |
|
| 504 | _aIncluye bibliografía. | ||
| 505 | 0 | _aFinal de un largo camino y comienzo de una nueva época (s. X) -- La entrada en la plenitud del medioevo (s. XI) -- La plenitud de la edad media (ss. XII-XIII) -- El otoño medieval (ss.XIV-XV) -- Una cristología popular. | |
| 526 | _aSEG42 | ||
| 526 | _aSEG41 | ||
| 526 | _aSEG40 | ||
| 526 | _aSEG39 | ||
| 526 | _aP94 | ||
| 526 | _aP87 | ||
| 526 | _aP86 | ||
| 526 | _aP85 | ||
| 526 | _aP77 | ||
| 526 | _aP76 | ||
| 526 | _aP35 | ||
| 650 | 0 | 4 | _aIGLESIA CATOLICA. |
| 910 |
_ajck _bjvq _cjck |
||
| 942 |
_2ddc _cBOOK |
||
| 949 |
_a280.2 M19 _wDEWEY _c1 _i30956 _lCCODEBUL1 _mBUL _r0 _sY _tBOOK _u2015-6-16 _xTEOLOGIA _zUNKNOWN _0COMPRA _o.STAFF. Colección General |
||
| 994 |
_aC0 _bPEPRU |
||
| 596 | _a1 | ||
| 999 |
_a280.2 M19 _wDEWEY _c44934 _i30956 _f2021-11-11 _g5 _lCCODEBUL1 _mBUL _r0 _sY _tBOOK _u2015-6-16 _xTEOLOGIA _zUNKNOWN _0COMPRA _o.STAFF. Colección General _d44934 |
||
| 980 |
_81 _gALBERTO SANCHEZ Responsable de Automatización |
||